000 00431nam a22001817a 4500
003 koha_MIRAKIL
005 20231213095642.0
008 231213b |||||||| |||| 00| 0 ||| d
020 _b978-0-531-20930-1
040 _aTR-IsEVY
_btur
_cTR-IsEVY
082 _a420 MAR/T
100 _aMARA, WIL.
245 0 _aTYRANNOSAURUS REX.
260 _bScholastic,
_c2012
300 _a32.
650 _aİngiliz Dili.
942 _2ddc
_cBK
999 _c7178
_d7178